Fire sermon : a novel /

Maggie is entirely devoted to her husband Thomas, their two beautiful children and to God, until what begins as a platonic intellectual and spiritual exchange between writer Maggie and poet James transforms into an erotically-charged bond that challenges Maggie's sense of loyalty and morality,...

Full description

Bibliographic Details
Main Author: Quatro, Jamie (Author)
Format: Book
Language:English
Published: New York : Grove Press, [2018].
Edition:First Grove Atlantic hardcover edition.
Subjects:

MARC

Tag First Indicator Second Indicator Subfields
LEADER 00000cam a2200000 i 4500
001 in00003910913
005 20191120115402.0
008 170608t20182018nyu 000 1 eng
010 |a  2017025500 
035 |a (OCoLC)ocn989862628 
040 |a DLC  |e rda  |c DLC 
020 |a 9780802127044  |q hardcover 
020 |a 0802127045  |q hardcover 
020 |z 9780802165558  |q electronic book 
050 0 0 |a PS3617.U38  |b F57 2018 
082 0 0 |a 813/.6  |2 23 
049 |a TXAM 
100 1 |a Quatro, Jamie,  |e author. 
245 1 0 |a Fire sermon :  |b a novel /  |c Jamie Quatro. 
250 |a First Grove Atlantic hardcover edition. 
264 1 |a New York :  |b Grove Press,  |c [2018]. 
264 4 |c ©2018. 
300 |a 208 pages ;  |c 22 cm. 
336 |a text  |b txt  |2 rdacontent 
337 |a unmediated  |b n  |2 rdamedia 
338 |a volume  |b nc  |2 rdacarrier 
520 |a Maggie is entirely devoted to her husband Thomas, their two beautiful children and to God, until what begins as a platonic intellectual and spiritual exchange between writer Maggie and poet James transforms into an erotically-charged bond that challenges Maggie's sense of loyalty and morality, drawing her deeper into the darkness of desire. 
650 0 |a Married women  |v Fiction. 
650 0 |a Adultery  |v Fiction. 
650 0 |a Spirituality  |x Christianity  |v Fiction. 
650 7 |a FICTION / Literary.  |2 bisacsh 
655 4 |a Erotic fiction. 
945 |b 426507 
947 |a A14850276610 
948 |a cataloged  |b h  |c 2019/11/20  |d c  |e dmitchel  |f 11:50:30 am 
994 |a 92  |b TXA 
999 f f |s c6cc9104-5098-3cbb-97dd-ca5e4c23ca97  |i 201964da-e6a2-3891-83ca-07e24c4f7849  |t 0 
952 f f |p normal  |a Texas A&M University  |b College Station  |c Sterling C. Evans Library  |d Evans: Library Stacks  |t 0  |e PS3617.U38 F57 2018  |h Library of Congress classification  |i unmediated -- volume  |m A14850276610 
998 f f |a PS3617.U38 F57 2018  |t 0  |l Evans: Library Stacks